El manejo sostenible de sangre de drago o sangre de grado : (Registro nro. 1920)

Detalles MARC
000 -CABECERA
Campo de control 01106nam a2200325 a 4500
005 - FECHA Y HORA DE LA ULTIMA TRANSACCION
Campo de control 20180803164941.0
008 - ELEMENTOS DE LONGITUD FIJA—INFORMACION GENERAL
Campo de control 140303b xx a||||r|||| 00| 0 spa d
040 ## - FUENTE DE CATALOGACIÓN
Agencia catalogadora original CO-BoIAVH
Agencia transcriptora CO-BoIAVH
041 0# - IDIOMA
Código de idioma para texto/pista de sonido o título separado Español
044 ## - PAÍS DE PUBLICACIÓN
País de publicación Colombia
082 04 - NUMERO DE CLASIFICACION DECIMAL DEWEY
Número de clasificación 583.69
Número del ítem M61m
100 1# - ASIENTO PRINCIPAL--NOMBRE PERSONAL
Nombre personal Meza Baltazar, Elsa N.
Término relacionado autora
9 (RLIN) 13755
245 13 - MENCION DE TITULO
Título El manejo sostenible de sangre de drago o sangre de grado :
Parte restante del título material educativo /
260 ## - PUBLICACION, DISTRIBUCION, ETC. (PIE DE IMPRENTA)
Lugar de publicación, distribución, etc. [s.l.]:
Nombre del editor, distribuidor, etc. [s.e.],
Fecha de publicación, distribución, etc. [s.f.].
300 ## - DESCRIPCION FISICA
Extensión 25 páginas :
Otros detalles físicos ilustraciones ;
Dimensiones 28 x 22 cm.
500 ## - NOTA GENERAL
Nota general Incluye anexos
650 24 - ASIENTO SECUNDARIO DE MATERIA - TERMINO TEMATICO
Término temático o nombre geográfico como elemento de entrada Sangre de drago
Subdivisión general uso vsostenible
9 (RLIN) 74402
650 26 - ASIENTO SECUNDARIO DE MATERIA - TERMINO TEMATICO
Término temático o nombre geográfico como elemento de entrada Viveros forestales
9 (RLIN) 8611
650 26 - ASIENTO SECUNDARIO DE MATERIA - TERMINO TEMATICO
Término temático o nombre geográfico como elemento de entrada Recursos forestales
9 (RLIN) 74403
650 24 - ASIENTO SECUNDARIO DE MATERIA - TERMINO TEMATICO
Término temático o nombre geográfico como elemento de entrada Conocimiento tradicional
9 (RLIN) 92244
650 26 - ASIENTO SECUNDARIO DE MATERIA - TERMINO TEMATICO
Término temático o nombre geográfico como elemento de entrada Etnobotánica
9 (RLIN) 74405
700 1# - ASIENTO SECUNDARIO - NOMBRE PERSONAL
Nombre personal Castañel, Miguel
Término de relación autor
9 (RLIN) 4024
700 1# - ASIENTO SECUNDARIO - NOMBRE PERSONAL
Nombre personal Ayala, Franklin
Término de relación autor
9 (RLIN) 4023
700 1# - ASIENTO SECUNDARIO - NOMBRE PERSONAL
Nombre personal Borges, José Roberto
Término de relación autor
9 (RLIN) 4029
700 1# - ASIENTO SECUNDARIO - NOMBRE PERSONAL
Nombre personal King, Steven R.
Término de relación autor
9 (RLIN) 4028
700 1# - ASIENTO SECUNDARIO - NOMBRE PERSONAL
Nombre personal Ortíz, Alonso
Término de relación autor
9 (RLIN) 4027
700 1# - ASIENTO SECUNDARIO - NOMBRE PERSONAL
Nombre personal Peña, Marino
Término de relación autor
9 (RLIN) 4026
700 1# - ASIENTO SECUNDARIO - NOMBRE PERSONAL
Nombre personal Forero, Luis Eduardo
Término de relación autor
9 (RLIN) 4025
942 ## - ELEMENTOS ADICIONALES (KOHA)
Tipo de ítem Libro
Sistema de clasificación Dewey Decimal Classification
Existencias
Withdrawn status Lost status Sistema de Clasificación Damaged status No para préstamo Colección Inventariado Ubicación Permanente Ubicación actual Fecha de adquisición Fuente de Valor Valor Total Checkouts Número topográfico Inventario / Código de Barras Date last seen Ejemplar Price effective from Forma de adquisición Tipo de material
    Dewey Decimal Classification     General Inventariado 2017 Bogotá Bogotá 25/01/2001 Instituto 39000.00   LB-583.69 M61m 002396 04/12/2012 Ej. 1 04/12/2012 Donación Libro
    Dewey Decimal Classification     General Inventariado 2017 Sala Fabio Quevedo Sala Fabio Quevedo 06/03/2001 Instituto 39000.00   LB-583.69 M61m 002397 04/12/2012 Ej. 2 04/12/2012 Donación Libro
    Local     General   Villa de Leyva Villa de Leyva 01/12/2005 Mendoza, Humberto     LB-01751 022476 04/12/2012 Ej. 3 04/12/2012   Libro